| 000 | 00661nam a22002057a 4500 | ||
|---|---|---|---|
| 999 |
_c190568 _d190568 |
||
| 005 | 20220727164738.0 | ||
| 010 | _aENG-134067 | ||
| 020 |
_a9788189983437 _c300.00 |
||
| 035 | _aEN-117599 | ||
| 037 | _bDBAD/PUB | ||
| 082 | _a796 | ||
| 100 | _aBalayan, Parvinder | ||
| 245 |
_aPhysical Education/ _cParvinder Balayan, Arun Kumar Tyagi and Daisy Rani |
||
| 260 |
_aNew Delhi _bKSK Publishers & Distributors _c2011 |
||
| 270 |
_a7/26, Basement, Ansari Road, Darya Ganj _bNew Delhi _e110002 _mkhelsahityal@rediffmail.com |
||
| 300 |
_a152p. _c22cm(hb) |
||
| 700 | _aTyagi, Arun Kumar | ||
| 700 | _aRani, Daisy | ||
| 942 |
_2ddc _cEN _h796 _mBAL |
||